Countries With The Longest Metro System - Statistics

General Stats
  • This quiz has been taken 63 times
  • The average score is 9 of 10
Answer Stats
Rank Country Length (km) Length (mi) % Correct
1 China 11,297.324 7,019.832
98%
2 United States 1,389.4 (863.3
98%
9 France 398.3 247.5
97%
8 United Kingdom 446.4 277.4
97%
4 Japan 897.5 557.7
93%
6 Russia 732.6 455.2
92%
7 Spain 469.8 291.9
92%
3 India 1,000.794 621.865
90%
5 South Korea 760.73 472.70
80%
10 Turkiye 391.2 243.1
63%
No matching quizzes found
Score Distribution
Percent of People with Each Score
Percentile by Number Answered
Your Score History
You have not taken this quiz